Detalles MARC
| 000 -LEADER |
| fixed length control field |
03328nam a2200481Ii 4500 |
| 001 - CONTROL NUMBER |
| control field |
DIGIBE0631 |
| 003 - CONTROL NUMBER IDENTIFIER |
| control field |
NyNyDIG |
| 006 - FIXED-LENGTH DATA ELEMENTS--ADDITIONAL MATERIAL CHARACTERISTICS |
| fixed length control field |
m o d |
| 007 - PHYSICAL DESCRIPTION FIXED FIELD--GENERAL INFORMATION |
| fixed length control field |
cr ||||||||||| |
| 008 - FIXED-LENGTH DATA ELEMENTS--GENERAL INFORMATION |
| fixed length control field |
140101s2011 sp a ob 100 0 spa d |
| 020 ## - INTERNATIONAL STANDARD BOOK NUMBER |
| International Standard Book Number |
9783954871155 |
| Qualifying information |
(eBook) |
| 020 ## - INTERNATIONAL STANDARD BOOK NUMBER |
| Canceled/invalid ISBN |
9788484896135 |
| Qualifying information |
(Iberoamericana) |
| 020 ## - INTERNATIONAL STANDARD BOOK NUMBER |
| Canceled/invalid ISBN |
8484896137 |
| Qualifying information |
(Iberoamericana) |
| 020 ## - INTERNATIONAL STANDARD BOOK NUMBER |
| Canceled/invalid ISBN |
9783865276674 |
| Qualifying information |
(Vervuert) |
| 020 ## - INTERNATIONAL STANDARD BOOK NUMBER |
| Canceled/invalid ISBN |
3865276679 |
| Qualifying information |
(Vervuert) |
| 035 ## - SYSTEM CONTROL NUMBER |
| System control number |
(OCoLC)888240781 |
| 040 ## - CATALOGING SOURCE |
| Original cataloging agency |
DGITA |
| Language of cataloging |
eng |
| Description conventions |
pn |
| Transcribing agency |
DGITA |
| 043 ## - GEOGRAPHIC AREA CODE |
| Geographic area code |
e-po--- |
| -- |
e-sp--- |
| -- |
nc----- |
| -- |
n-mx--- |
| -- |
cl----- |
| 050 14 - LIBRARY OF CONGRESS CALL NUMBER |
| Classification number |
F1409.7 eBook |
| 245 00 - TITLE STATEMENT |
| Title |
Discursos coloniales : |
| Remainder of title |
texto y poder en la América hispana / |
| Statement of responsibility, etc. |
Pilar Latasa (ed.) |
| 264 #1 - PRODUCTION, PUBLICATION, DISTRIBUTION, MANUFACTURE, AND COPYRIGHT NOTICE |
| Place of production, publication, distribution, manufacture |
[Pamplona] : |
| Name of producer, publisher, distributor, manufacturer |
Universidad de Navarra ; |
| Place of production, publication, distribution, manufacture |
Madrid : |
| Name of producer, publisher, distributor, manufacturer |
Iberoamericana : |
| -- |
Frankfurt am Main : |
| -- |
Vervuert, |
| Date of production, publication, distribution, manufacture, or copyright notice |
2011.. |
| 300 ## - PHYSICAL DESCRIPTION |
| Extent |
1 online resource (190 pages) : |
| Other physical details |
ill. (some col.) |
| 336 ## - CONTENT TYPE |
| Content type term |
text |
| Content type code |
txt |
| Source |
rdacontent |
| 337 ## - MEDIA TYPE |
| Media type term |
computer |
| Media type code |
c |
| Source |
rdamedia |
| 338 ## - CARRIER TYPE |
| Carrier type term |
online resource |
| Carrier type code |
cr |
| Source |
rdacarrier |
| 490 1# - SERIES STATEMENT |
| Series statement |
Biblioteca indiana ; |
| Volume/sequential designation |
31 |
| 500 ## - GENERAL NOTE |
| General note |
Selected papers presented at the Congreso Internacional Viejo Mundo y Nuevo Mundo en las Crónicas de Indias, held in Providence, 2010. |
| 504 ## - BIBLIOGRAPHY, ETC. NOTE |
| Bibliography, etc. note |
Includes bibliographical references. |
| 505 00 - FORMATTED CONTENTS NOTE |
| Title |
Preface / |
| Statement of responsibility |
Ted Widmer -- |
| Title |
Discurso coloniales : algunas consideraciones / |
| Statement of responsibility |
Pilar Latasa -- |
| Title |
El arte gráfico de la Historia antigua de México (1780-1781) de Francisco Javier Clavigero / |
| Statement of responsibility |
Rolena Adorno -- |
| Title |
Crónicas de Indias y relatos de viaje : un mestizaje genérico / |
| Statement of responsibility |
Luis Albuquerque -- |
| Title |
Plantas en la Breve relación del capitán Juan Recio de León, 1623 / |
| Statement of responsibility |
Gabriel Arellano -- |
| Title |
El bautizo del Nuevo Mundo : hacia una tipología de la temprana toponimia americana / |
| Statement of responsibility |
Ángel Delgado Gómez -- |
| Title |
Charcas reinvindicada : historia local y discurso criollo en las Noticias políticas de Pedro Ramírez del Águila / |
| Statement of responsibility |
Pilar Latasa -- |
| Title |
Visión del mundo y paradigmas culturales en la capitulación de Juan Ponce de León sobre la conquista de la Florida (1513) / |
| Statement of responsibility |
Raúl Merrero-Fente -- |
| Title |
Mezquitas, agravios y traiciones : sobre el discurso cabbaleresco en las crónicas de la conquista / |
| Statement of responsibility |
José Antonio Mazzotti -- |
| Title |
Acerca de las traducciones de Acosa (1590) : ¿tradiciones o traiciones? / |
| Statement of responsibility |
Fermín del Pino-Díaz -- |
| Title |
La estela de Ambrosio de Morales en La Florida del Inca / |
| Statement of responsibility |
Fernando Rodríguez Mansilla -- |
| Title |
América en la política internacional española de la primera mitad del siglo XVII a través de las crónicas y relaciones de sucesos / |
| Statement of responsibility |
Jesús Ma. Usunáriz. |
| 651 #0 - SUBJECT ADDED ENTRY--GEOGRAPHIC NAME |
| Geographic name |
Latin America |
| General subdivision |
History |
| Chronological subdivision |
To 1830 |
| General subdivision |
Historiography |
| Form subdivision |
Congresses. |
| 651 #0 - SUBJECT ADDED ENTRY--GEOGRAPHIC NAME |
| Geographic name |
Latin America |
| General subdivision |
History |
| Chronological subdivision |
To 1830 |
| Form subdivision |
Sources |
| -- |
Congresses. |
| 651 #0 - SUBJECT ADDED ENTRY--GEOGRAPHIC NAME |
| Geographic name |
Spain |
| General subdivision |
Colonies |
| Geographic subdivision |
America |
| Form subdivision |
Sources |
| -- |
Congresses. |
| 651 #0 - SUBJECT ADDED ENTRY--GEOGRAPHIC NAME |
| Geographic name |
America |
| Form subdivision |
Early accounts to 1600 |
| -- |
Congresses. |
| 655 #0 - INDEX TERM--GENRE/FORM |
| Genre/form data or focus term |
Electronic books. |
| 700 1# - ADDED ENTRY--PERSONAL NAME |
| Personal name |
Latasa Vassallo, Pilar. |
| 791 2# - |
| -- |
Digitalia (Firm), |
| -- |
distributor. |
| 711 2# - ADDED ENTRY--MEETING NAME |
| Meeting name or jurisdiction name as entry element |
Congreso Internacional Viejo Mundo y Nuevo Mundo en las Crónicas de Indias |
| Date of meeting or treaty signing |
(2010 : |
| Location of meeting |
Providence, R.I.) |
| 793 0# - |
| -- |
Digitalia eBook Collection: |
| -- |
Iberoamericana/Vervuert. |
| 830 #0 - SERIES ADDED ENTRY--UNIFORM TITLE |
| Uniform title |
Biblioteca indiana (Pamplona, Spain) ; |
| Volume/sequential designation |
31. |
| 856 40 - ELECTRONIC LOCATION AND ACCESS |
| Materials specified |
Digitalia Hispánica |
| Uniform Resource Identifier |
<a href="https://www.digitaliapublishing.com/a/23339/">https://www.digitaliapublishing.com/a/23339/</a> |
| 910 ## - USER-OPTION DATA (OCLC) |
| User-option data |
Premium Collection: 2007-2012 |
| 942 ## - ADDED ENTRY ELEMENTS (KOHA) |
| Koha item type |
Recurso Electrónico |